| 000 | 01047nam a22003137a 4500 | ||
|---|---|---|---|
| 003 | CHAP | ||
| 005 | 20220329135328.0 | ||
| 008 | 971013s1988 r 00010 d | ||
| 010 | _a34495 | ||
| 011 | _a35467 | ||
| 035 | _a39583 | ||
| 040 | _cCHAP | ||
| 090 | _aTesis | ||
| 100 | 0 | 0 |
_aMercado Paredes, Luz Alicia. _974911 |
| 245 | _aEvaluación del avance obtenido por mejoramiento genético en las variedades mexicanas de avena | ||
| 260 |
_aCuatitlán Izcalli, Méx. : _bEl autor, _c1988 |
||
| 300 | _a127 h | ||
| 502 | _aTesis (Ing. Agrícola) -- UNAM. Facultad de Estudios Superiores Cuatitlán | ||
| 590 |
_aALEPH _b10 _c20130110 _lUCH01 _h1300 |
||
| 590 |
_aBATCH-UPD _b10 _c20130110 _lUCH01 _h0106 |
||
| 590 |
_aBATCH-UPD _b10 _c20130110 _lUCH01 _h1947 |
||
| 590 |
_aCONVERSION _b10 _c20130109 _lUCH01 _h1319 |
||
| 650 | 1 | 4 |
_aAvena _xMejoramiento. _98532 |
| 650 | 1 | 4 |
_aAvena _xVariedades. _98552 |
| 901 | _aBK | ||
| 942 | _cFOLL | ||
| 949 |
_bBC _cTES _d-90237 _eTS1 _h20444 _i39583 _si |
||
| 949 |
_bBC _cTES _d-90238 _eTS2 _fc.2 _h20445 _i39583 _si |
||
| 999 |
_c34495 _d34495 |
||